[Event "FRA-chT U18"]
[Site "France"]
[Date "1996.??.??"]
[Round "?"]
[White "Lebeau, Olivier"]
[Black "Midoux, Sebastien"]
[Result "0-1"]
[WhiteElo "2125"]
[BlackElo "2260"]
[PlyCount "90"]
[EventDate "1996.??.??"]
[EventType "team-tourn"]
[EventRounds "11"]
[EventCountry "FRA"]
[SourceTitle "EXT 2004"]
[Source "ChessBase"]
[SourceDate "2003.11.25"]
[SourceVersion "1"]
[SourceVersionDate "2003.11.25"]
[SourceQuality "1"]

1. e4 d5 2. exd5 Qxd5 3. Nc3 Qa5 4. d4 c6 5. Nf3 Bf5 6. Bd2 Nf6 7. Bc4 e6 8. Qe2 Bb4 9. a3 Bg4 10. 0-0-0 Bxc3 11. Bxc3 Qh5 12. h3 Bxf3 13. gxf3 Nbd7 14. Rhg1 Nb6 15. Bb3 0-0-0 16. Kb1 Rhg8 17. Rg3 Qb5 18. Qxb5 cxb5 19. Ba5 Rd6 20. Bxb6 Rxb6 21. c3 Rd6 22. Re1 g6 23. Rg5 a6 24. Rge5 Kc7 25. Kc1 Kb6 26. Kd2 Rc8 27. R1e3 Nd7 28. Rg5 e5 29. Rd3 f6 30. Rg1 Rd8 31. Bc2 exd4 32. cxd4 Nb8 33. Rg4 Nc6 34. Kc3 a5 35. b4 axb4+ 36. axb4 Ra8 37. Kb3 Ra4 38. Kc3 Nxb4 39. Bxa4 Nxd3 40. Kxd3 bxa4 41. Kc4 Kc6 42. Re4 b5+ 43. Kb4 f5 44. Rf4 Rd5 45. h4 h6 0-1

[Event "FRA-ch Accession"]
[Site "Chambery"]
[Date "1994.??.??"]
[Round "5"]
[White "Bardel, Stephan"]
[Black "Lebeau, Olivier"]
[Result "0-1"]
[WhiteElo "2300"]
[BlackElo "1900"]
[PlyCount "118"]
[EventDate "1994.??.??"]
[EventType "swiss"]
[EventRounds "11"]
[EventCountry "FRA"]
[SourceTitle "EXT 2004"]
[Source "ChessBase"]
[SourceDate "2003.11.25"]
[SourceVersion "1"]
[SourceVersionDate "2003.11.25"]
[SourceQuality "1"]

1. e4 d5 2. exd5 Qxd5 3. Nc3 Qa5 4. d4 c6 5. Nf3 Bf5 6. Ne5 Nf6 7. Nc4 Qd8 8. Be2 e6 9. 0-0 Be7 10. Bg5 0-0 11. Bf3 Nbd7 12. Re1 Nb6 13. Nxb6 Qxb6 14. Na4 Qc7 15. c3 Rfd8 16. b4 Nd5 17. Bxe7 Qxe7 18. g3 Rac8 19. Qc1 b6 20. a3 Bg6 21. Ra2 Qd7 22. Bd1 Nf6 23. Re5 Qc7 24. Rd2 Rd5 25. Re1 Rcd8 26. Bf3 R5d7 27. Re5 Ne8 28. Rd1 Nd6 29. Nb2 Nb7 30. Ree1 Nd6 31. Nd3 Bxd3 32. Rxd3 Ne8 33. Rdd1 Nf6 34. Qc2 Rd6 35. Kg2 h6 36. h4 R6d7 37. Re5 Nd5 38. Qb3 c5 39. dxc5 Qxe5 40. c6 Rc7 41. c4 Rxc6 42. cxd5 Rc3 43. Qa2 Qf5 44. Qe2 exd5 45. Rxd5 Qc8 46. Qe7 Re8 47. Qxa7 Qe6 48. Rd4 Rxf3 49. Kxf3 Qf6+ 50. Rf4 Qc6+ 51. Kg4 Qe6+ 52. Rf5 g6 53. Qxf7+ Qxf7 54. Rxf7 Kxf7 55. f4 Ra8 56. f5 Rxa3 57. fxg6+ Kxg6 58. h5+ Kg7 59. b5 Rb3 0-1